ARRUPE JESUIT UNIVERSITY

CORONAVIRUS -STOP THE SPREAD - CLEAN,DISINFECT,COVER

HIV and AIDS : the last stand (Record no. 94622)

MARC details
000 -LEADER
fixed length control field 00697nam a2200241Ia 4500
003 - CONTROL NUMBER IDENTIFIER
control field 0100
008 - FIXED-LENGTH DATA ELEMENTS--GENERAL INFORMATION
fixed length control field 130307s9999 xx 000 0 und d
020 ## - INTERNATIONAL STANDARD BOOK NUMBER
International Standard Book Number 0797416587
040 ## - CATALOGING SOURCE
Transcribing agency ARRUPELIB
050 ## - LIBRARY OF CONGRESS CALL NUMBER
Classification number RA643.86.Z55C55 1997
300 ## - PHYSICAL DESCRIPTION
Other physical details 21 cm.
100 ## - MAIN ENTRY--PERSONAL NAME
Personal name Chiweza, David
245 ## - TITLE STATEMENT
Title HIV and AIDS : the last stand
245 ## - TITLE STATEMENT
Remainder of title the total strategy for the annihilation of HIV and AIDS in Zimbabwe and the rest of the world
260 ## - PUBLICATION, DISTRIBUTION, ETC. (IMPRINT)
Place of publication, distribution, etc Causeway, Harare
260 ## - PUBLICATION, DISTRIBUTION, ETC. (IMPRINT)
Name of publisher, distributor, etc Able City
260 ## - PUBLICATION, DISTRIBUTION, ETC. (IMPRINT)
Date of publication, distribution, etc c1997.
300 ## - PHYSICAL DESCRIPTION
Extent 127 p. : ill.
650 ## - SUBJECT ADDED ENTRY--TOPICAL TERM
Topical term following geographic name as entry element Social sciences -- Periodicals
650 ## - SUBJECT ADDED ENTRY--TOPICAL TERM
Location of event Africa, Southern--Periodicals
650 ## - SUBJECT ADDED ENTRY--TOPICAL TERM
Active dates Africa, Central -- Periodicals
942 00 - ADDED ENTRY ELEMENTS (KOHA)
Koha issues (borrowed), all copies 5
Holdings
Withdrawn status Lost status Source of classification or shelving scheme Damaged status Not for loan Collection code Home library Current library Shelving location Date acquired Total Checkouts Full call number Barcode Date last seen Date checked out Copy number Price effective from Koha item type
    Library of Congress Classification     Main Collection ARRUPE LIBRARY ARRUPE LIBRARY   07/03/2013 5 RA643.86.Z55C55 1997 46003073855 02/07/2019 30/04/2015 1 07/03/2013 Monograph ( Printed materials)

 

Arrupe Library. PO Box MP320 Mt Pleasant, Harare, Zimbabwe
263 242 745411|librarian@aju.ac.zw